Same Name Different Sport Quiz Stats

 Plays Quiz Updated Mar 13, 2018

Score 0/6 Timer 01:00
12 Plays Today
Sports Team Name % Correct
NFL and MLBNew York and San Francisco Giants
72%
MLB and NFLSt. Louis and Arizona Cardinals
69.3%
NHL and MLBNew York and Texas Rangers
50.6%
NHL and NFLFlorida and Carolina Panthers
45%
NBA and NHLSacramento and Los Angeles Kings
43.9%
NHL and NFLNew York and Winnipeg Jets
17.6%

You're not logged in!

Compare scores with friends on all Sporcle quizzes.
OR
Log In

Sporcle TV

Today on Sporcle TV


Watch our educational content, quiz creation guides, and fun videos on Sporcle TV.

Show Comments

Extras

Top Quizzes Today


Score Distribution

Your Account Isn't Verified!

In order to create a playlist on Sporcle, you need to verify the email address you used during registration. Go to your Sporcle Settings to finish the process.

Report this User

Report this user for behavior that violates our Community Guidelines.

Details: